<?xml version="1.0" encoding="UTF-8"?><marc:collection xmlns:marc="http://www.loc.gov/MARC21/slim">
  <marc:record>
    <marc:leader>02778cam a2200517 c 4500</marc:leader>
    <marc:controlfield tag="001">641944314</marc:controlfield>
    <marc:controlfield tag="003">DE-627</marc:controlfield>
    <marc:controlfield tag="005">20251223224404.0</marc:controlfield>
    <marc:controlfield tag="007">cr uuu---uuuuu</marc:controlfield>
    <marc:controlfield tag="008">101216s2008    gw |||||o     00| ||ger c</marc:controlfield>
    <marc:datafield tag="035" ind1=" " ind2=" ">
      <marc:subfield code="a">(DE-627)641944314</marc:subfield>
    </marc:datafield>
    <marc:datafield tag="035" ind1=" " ind2=" ">
      <marc:subfield code="a">(DE-576)9641944312</marc:subfield>
    </marc:datafield>
    <marc:datafield tag="035" ind1=" " ind2=" ">
      <marc:subfield code="a">(DE-599)GBV641944314</marc:subfield>
    </marc:datafield>
    <marc:datafield tag="035" ind1=" " ind2=" ">
      <marc:subfield code="a">(OCoLC)846257219</marc:subfield>
    </marc:datafield>
    <marc:datafield tag="040" ind1=" " ind2=" ">
      <marc:subfield code="a">DE-627</marc:subfield>
      <marc:subfield code="b">ger</marc:subfield>
      <marc:subfield code="c">DE-627</marc:subfield>
      <marc:subfield code="e">rakwb</marc:subfield>
    </marc:datafield>
    <marc:datafield tag="041" ind1=" " ind2=" ">
      <marc:subfield code="a">ger</marc:subfield>
    </marc:datafield>
    <marc:datafield tag="044" ind1=" " ind2=" ">
      <marc:subfield code="c">XA-DE</marc:subfield>
    </marc:datafield>
    <marc:datafield tag="082" ind1="0" ind2=" ">
      <marc:subfield code="a">610</marc:subfield>
      <marc:subfield code="q">OCLC</marc:subfield>
    </marc:datafield>
    <marc:datafield tag="082" ind1="0" ind2="4">
      <marc:subfield code="a">610</marc:subfield>
    </marc:datafield>
    <marc:datafield tag="084" ind1=" " ind2=" ">
      <marc:subfield code="a">YQ 2500</marc:subfield>
      <marc:subfield code="q">SEPA</marc:subfield>
      <marc:subfield code="2">rvk</marc:subfield>
      <marc:subfield code="0">(DE-625)rvk/154055:12905</marc:subfield>
    </marc:datafield>
    <marc:datafield tag="084" ind1=" " ind2=" ">
      <marc:subfield code="a">79.12</marc:subfield>
      <marc:subfield code="2">bkl</marc:subfield>
    </marc:datafield>
    <marc:datafield tag="245" ind1="0" ind2="0">
      <marc:subfield code="a">Interprofessionelle Qualitätszirkel in der Pränataldiagnostik</marc:subfield>
      <marc:subfield code="b">[Modellprojekt]</marc:subfield>
      <marc:subfield code="c">Rita Kuhn ... Bundeszentrale für gesundheitliche Aufklärung, Köln</marc:subfield>
    </marc:datafield>
    <marc:datafield tag="264" ind1=" " ind2="1">
      <marc:subfield code="a">Köln</marc:subfield>
      <marc:subfield code="b">BZgA</marc:subfield>
      <marc:subfield code="c">2008</marc:subfield>
    </marc:datafield>
    <marc:datafield tag="300" ind1=" " ind2=" ">
      <marc:subfield code="a">Online-Ressource</marc:subfield>
    </marc:datafield>
    <marc:datafield tag="336" ind1=" " ind2=" ">
      <marc:subfield code="a">Text</marc:subfield>
      <marc:subfield code="b">txt</marc:subfield>
      <marc:subfield code="2">rdacontent</marc:subfield>
    </marc:datafield>
    <marc:datafield tag="337" ind1=" " ind2=" ">
      <marc:subfield code="a">Computermedien</marc:subfield>
      <marc:subfield code="b">c</marc:subfield>
      <marc:subfield code="2">rdamedia</marc:subfield>
    </marc:datafield>
    <marc:datafield tag="338" ind1=" " ind2=" ">
      <marc:subfield code="a">Online-Ressource</marc:subfield>
      <marc:subfield code="b">cr</marc:subfield>
      <marc:subfield code="2">rdacarrier</marc:subfield>
    </marc:datafield>
    <marc:datafield tag="490" ind1="1" ind2=" ">
      <marc:subfield code="a">Forschung und Praxis der Sexualaufklärung und Familienplanung</marc:subfield>
      <marc:subfield code="v">30</marc:subfield>
    </marc:datafield>
    <marc:datafield tag="689" ind1="0" ind2="0">
      <marc:subfield code="D">g</marc:subfield>
      <marc:subfield code="0">(DE-588)4011882-4</marc:subfield>
      <marc:subfield code="0">(DE-627)104704861</marc:subfield>
      <marc:subfield code="0">(DE-576)208896155</marc:subfield>
      <marc:subfield code="a">Deutschland</marc:subfield>
      <marc:subfield code="2">gnd</marc:subfield>
    </marc:datafield>
    <marc:datafield tag="689" ind1="0" ind2="1">
      <marc:subfield code="D">s</marc:subfield>
      <marc:subfield code="0">(DE-588)4047000-3</marc:subfield>
      <marc:subfield code="0">(DE-627)106196111</marc:subfield>
      <marc:subfield code="0">(DE-576)209071826</marc:subfield>
      <marc:subfield code="a">Pränatale Diagnostik</marc:subfield>
      <marc:subfield code="2">gnd</marc:subfield>
    </marc:datafield>
    <marc:datafield tag="689" ind1="0" ind2="2">
      <marc:subfield code="D">s</marc:subfield>
      <marc:subfield code="0">(DE-588)4121543-6</marc:subfield>
      <marc:subfield code="0">(DE-627)104312688</marc:subfield>
      <marc:subfield code="0">(DE-576)209544090</marc:subfield>
      <marc:subfield code="a">Qualitätszirkel</marc:subfield>
      <marc:subfield code="2">gnd</marc:subfield>
    </marc:datafield>
    <marc:datafield tag="689" ind1="0" ind2="3">
      <marc:subfield code="D">s</marc:subfield>
      <marc:subfield code="0">(DE-588)4115645-6</marc:subfield>
      <marc:subfield code="0">(DE-627)105812749</marc:subfield>
      <marc:subfield code="0">(DE-576)209494948</marc:subfield>
      <marc:subfield code="a">Projekt</marc:subfield>
      <marc:subfield code="2">gnd</marc:subfield>
    </marc:datafield>
    <marc:datafield tag="689" ind1="0" ind2=" ">
      <marc:subfield code="5">(DE-627)</marc:subfield>
    </marc:datafield>
    <marc:datafield tag="700" ind1="1" ind2=" ">
      <marc:subfield code="a">Kuhn, Rita</marc:subfield>
      <marc:subfield code="4">oth</marc:subfield>
    </marc:datafield>
    <marc:datafield tag="710" ind1="2" ind2=" ">
      <marc:subfield code="a">Bundeszentrale für Gesundheitliche Aufklärung</marc:subfield>
      <marc:subfield code="0">(DE-588)2006655-7</marc:subfield>
      <marc:subfield code="0">(DE-627)101561768</marc:subfield>
      <marc:subfield code="0">(DE-576)191620173</marc:subfield>
      <marc:subfield code="4">oth</marc:subfield>
    </marc:datafield>
    <marc:datafield tag="776" ind1="1" ind2=" ">
      <marc:subfield code="z">9783937707358</marc:subfield>
    </marc:datafield>
    <marc:datafield tag="776" ind1="0" ind2="8">
      <marc:subfield code="i">Erscheint auch als</marc:subfield>
      <marc:subfield code="n">Druck-Ausgabe</marc:subfield>
      <marc:subfield code="t">Interprofessionelle Qualitätszirkel in der Pränataldiagnostik</marc:subfield>
      <marc:subfield code="b">1. Aufl.</marc:subfield>
      <marc:subfield code="d">Köln : Bundeszentrale für gesundheitliche Aufklärung, 2008</marc:subfield>
      <marc:subfield code="h">346 S.</marc:subfield>
      <marc:subfield code="w">(DE-627)582163048</marc:subfield>
      <marc:subfield code="w">(DE-576)28696158X</marc:subfield>
      <marc:subfield code="z">9783937707358</marc:subfield>
    </marc:datafield>
    <marc:datafield tag="830" ind1=" " ind2="0">
      <marc:subfield code="a">Forschung und Praxis der Sexualaufklärung und Familienplanung</marc:subfield>
      <marc:subfield code="v">30</marc:subfield>
      <marc:subfield code="9">30</marc:subfield>
      <marc:subfield code="w">(DE-627)513394982</marc:subfield>
      <marc:subfield code="w">(DE-576)281312370</marc:subfield>
      <marc:subfield code="w">(DE-600)2239535-0</marc:subfield>
      <marc:subfield code="x">0948-6720</marc:subfield>
      <marc:subfield code="7">am</marc:subfield>
    </marc:datafield>
    <marc:datafield tag="856" ind1="4" ind2="0">
      <marc:subfield code="u">http://www.bzga.de/pdf.php?id=ed7b065f8f0db5c8f616437b136a7b23</marc:subfield>
      <marc:subfield code="x">Verlag</marc:subfield>
      <marc:subfield code="z">kostenfrei</marc:subfield>
      <marc:subfield code="3">Volltext</marc:subfield>
      <marc:subfield code="7">0</marc:subfield>
    </marc:datafield>
    <marc:datafield tag="912" ind1=" " ind2=" ">
      <marc:subfield code="a">SSG-OLC-pha</marc:subfield>
    </marc:datafield>
    <marc:datafield tag="924" ind1="1" ind2=" ">
      <marc:subfield code="a">1208753363</marc:subfield>
      <marc:subfield code="b">DE-46</marc:subfield>
      <marc:subfield code="9">46</marc:subfield>
      <marc:subfield code="c">GBV</marc:subfield>
      <marc:subfield code="d">d</marc:subfield>
      <marc:subfield code="k">https://shop.bioeg.de/interprofessionelle-qualitaetszirkel-in-der-praenataldiagnostik-13300030/</marc:subfield>
    </marc:datafield>
    <marc:datafield tag="924" ind1="1" ind2=" ">
      <marc:subfield code="a">1511633549</marc:subfield>
      <marc:subfield code="b">DE-542</marc:subfield>
      <marc:subfield code="9">542</marc:subfield>
      <marc:subfield code="c">GBV</marc:subfield>
      <marc:subfield code="d">d</marc:subfield>
    </marc:datafield>
    <marc:datafield tag="924" ind1="1" ind2=" ">
      <marc:subfield code="a">3472299606</marc:subfield>
      <marc:subfield code="b">LFER</marc:subfield>
      <marc:subfield code="9">LFER</marc:subfield>
      <marc:subfield code="c">BSZ</marc:subfield>
      <marc:subfield code="d">d</marc:subfield>
      <marc:subfield code="k">http://www.bzga.de/pdf.php?id=ed7b065f8f0db5c8f616437b136a7b23</marc:subfield>
    </marc:datafield>
    <marc:datafield tag="936" ind1="r" ind2="v">
      <marc:subfield code="a">YQ 2500</marc:subfield>
      <marc:subfield code="b">Allgemeines</marc:subfield>
      <marc:subfield code="k">Medizin</marc:subfield>
      <marc:subfield code="k">Kinderheilkunde (Pädiatrie)</marc:subfield>
      <marc:subfield code="k">Allgemeine Kinderheilkunde und Jugendmedizin</marc:subfield>
      <marc:subfield code="k">Pränatale und Perinatale Medizin, Pränatale Diagnostik (Neugeborenes)</marc:subfield>
      <marc:subfield code="k">Allgemeines</marc:subfield>
      <marc:subfield code="0">(DE-627)1271509792</marc:subfield>
      <marc:subfield code="0">(DE-625)rvk/154055:12905</marc:subfield>
      <marc:subfield code="0">(DE-576)201509792</marc:subfield>
    </marc:datafield>
    <marc:datafield tag="936" ind1="b" ind2="k">
      <marc:subfield code="a">79.12</marc:subfield>
      <marc:subfield code="j">Soziale Dienste</marc:subfield>
      <marc:subfield code="0">(DE-627)106412906</marc:subfield>
    </marc:datafield>
    <marc:datafield tag="951" ind1=" " ind2=" ">
      <marc:subfield code="a">BO</marc:subfield>
    </marc:datafield>
  </marc:record>
</marc:collection>
